000 00267nam a2200097Ia 4500
082 _aJ|995|ETIN
245 0 _aFighting tuberculosis
100 _a ETINGOFF, Kim [South Africa], [c.2012]
_958767
942 _cBK
008 210817s9999 xx 000 0 und d
999 _c184118
_d184117